Contemporary statistical models for the plant and soil sciences (Record no. 42121)

MARC details
000 -LEADER
fixed length control field 00367nam a2200133Ia 4500
020 ## - INTERNATIONAL STANDARD BOOK NUMBER
ISBN 1584881119
082 ## - DEWEY DECIMAL CLASSIFICATION NUMBER
Item number SCH
245 #0 - TITLE STATEMENT
Title Contemporary statistical models for the plant and soil sciences
260 ## - PUBLICATION, DISTRIBUTION, ETC. (IMPRINT)
Place of publication London
Name of publisher CRC Press
Year of publication 2002
700 ## - ADDED ENTRY--PERSONAL NAME
Personal name Pierce, Francis J
700 ## - ADDED ENTRY--PERSONAL NAME
Personal name Schabenberger, Oliver
942 ## - ADDED ENTRY ELEMENTS (KOHA)
Koha item type Books
Holdings
Withdrawn status Lost status Damaged status Not for loan Home library Current library Date acquired Cost, normal purchase price Full call number Accession Number Koha item type
        RRII Library RRII Library 16/12/2021 1099.95 SCH 22398 Books